Estimating manufacturing costs (Record no. 25509)

MARC details
000 -LEADER
fixed length control field 00272nam a2200109Ia 4500
082 ## - DEWEY DECIMAL CLASSIFICATION NUMBER
Classification number 657.47
Item number CLU
100 ## - MAIN ENTRY--AUTHOR NAME
Personal name Clugston, Richard
245 #0 - TITLE STATEMENT
Title Estimating manufacturing costs
260 ## - PUBLICATION, DISTRIBUTION, ETC. (IMPRINT)
Place of publication London
Name of publisher Gower
Year of publication 1971
942 ## - ADDED ENTRY ELEMENTS (KOHA)
Koha item type Books
Holdings
Withdrawn status Lost status Damaged status Not for loan Home library Current library Date acquired Cost, normal purchase price Full call number Accession Number Koha item type
        RRII Library RRII Library 16/12/2021 14.70 657.47 CLU 06166 Books